| 000 | 01727nam a2200409Ia 4500 | ||
|---|---|---|---|
| 001 | vtls003196772 | ||
| 003 | MY-SjTCS | ||
| 005 | 20200306170200.0 | ||
| 006 | m u | ||
| 007 | cr cn||||||||| | ||
| 008 | 100712s2005 enkab sb 000 1 eng d | ||
| 010 | _z 2004-030781 | ||
| 020 | _z0192804650 | ||
| 020 | _z9780192804655 | ||
| 035 | _a(CaPaEBR)ebr10233641 | ||
| 039 | 9 |
_y201007121708 _zVLOAD |
|
| 040 |
_aCaPaEBR _cCaPaEBR |
||
| 050 | 1 | 4 |
_aPQ2469.V8 _bE5 2005eb |
| 082 | 0 | 4 |
_a843/.8 _222 |
| 100 | 1 |
_aVerne, Jules, _d1828 -1905. _919862 |
|
| 240 | 1 | 0 |
_aVoyages et aventures du capitaine Hatteras. _lEnglish |
| 245 | 1 | 4 |
_aThe extraordinary journeys _h[electronic resource] : _bthe adventures of Captain Hatteras / _cJules Verne ; translated with an introduction and notes by William Butcher. |
| 260 |
_aOxford ; _aNew York : _bOxford University Press, _c2005. |
||
| 300 |
_axlii, 402 p. : _bill., maps. |
||
| 490 | 1 | _aOxford world's classics | |
| 504 | _aIncludes bibliographical references. | ||
| 529 | _aTSLHHL | ||
| 533 |
_aElectronic reproduction. _bPalo Alto, Calif. : _cebrary, _d2009. _nAvailable via World Wide Web. _nAccess may be limited to ebrary affiliated libraries. |
||
| 546 | _aTranslated from the French. | ||
| 600 | 1 | 0 |
_aVerne, Jules, _d1828-1905. _919862 |
| 651 | 0 |
_aNorth Pole _vFiction. _9280639 |
|
| 655 | 7 |
_aElectronic books. _2local _9201578 |
|
| 700 | 1 |
_aButcher, William, _d1951- _9280640 |
|
| 710 | 2 |
_aebrary, Inc. _925628 |
|
| 830 | 0 |
_aOxford world's classics (Oxford University Press) _922255 |
|
| 856 | 4 | 0 |
_uhttps://ezproxy.taylors.edu.my/login?url=http://site.ebrary.com/lib/taylorscollege/Doc?id=10233641 _zAn electronic book accessible through the World Wide Web; click to view |
| 999 | _c60670 | ||